Statistics for European Countries With More Vowels Than Consonants

Click here to take the quiz!

General Stats

  • This quiz has been taken 17 times
  • The average score is 6 of 9

Answer Stats

Answer% Correct
Albania
82%
Austria
82%
Lithuania
76%
Croatia
76%
Italy
76%
Estonia
71%
Ukraine
71%
Macedonia
53%
Romania
53%

Score Distribution

Percentile by Number Answered

Percent of People with Each Score

Your Score History

You have not taken this quiz